Elements Of Workshop Technology (Record no. 196085)
[ view plain ]
| 000 -LEADER | |
|---|---|
| fixed length control field | 00472nam a2200157Ia 4500 |
| 008 - FIXED-LENGTH DATA ELEMENTS--GENERAL INFORMATION | |
| fixed length control field | 230714s9999 xx 000 0 und d |
| 041 ## - LANGUAGE CODE | |
| Language code of text/sound track or separate title | eng |
| 082 ## - DEWEY DECIMAL CLASSIFICATION NUMBER | |
| Classification number | 621.7 |
| Item number | CHO |
| 100 ## - MAIN ENTRY--PERSONAL NAME | |
| Personal name | Choudhury S.K.H. |
| 245 ## - TITLE STATEMENT | |
| Title | Elements Of Workshop Technology |
| Remainder of title | Vol.I: Manufactring Processes |
| 260 ## - PUBLICATION, DISTRIBUTION, ETC. (IMPRINT) | |
| Date of publication, distribution, etc. | 2008 |
| Name of publisher, distributor, etc. | Media Promoters & Publishers |
| 300 ## - PHYSICAL DESCRIPTION | |
| Extent | 650 |
| 365 ## - TRADE PRICE | |
| Currency code | Rs. |
| Price amount | 200.00 |
| 700 ## - ADDED ENTRY--PERSONAL NAME | |
| Personal name | Choudhury S.K.H.; Choudhury A.K.H. & Roy N. |
| 906 ## - LOCAL DATA ELEMENT F, LDF (RLIN) | |
| d | B:694111-Dec-2008 |
| c | SS |
| b | 170 |
No items available.